Management of bloodborne infections in sport /

Saved in:
Bibliographic Details
Main Author: Zeigler, Terry A.
Format: Book
Language:English
Published: Champaign, IL : Human Kinetics, c1997.
Subjects:
LEADER 01744nam a2200301 a 4500
001 c000413359
003 CARM
005 00000000000000.0
008 960918s1997 ilua b 000 0 eng
010 |a 96044257 
019 1 |a 12803287 
020 |a 088011682X 
040 |a VDU  |c VDU 
050 0 0 |a RA642.B56  |b Z45 1997 
082 0 4 |a 614.44 
100 1 |a Zeigler, Terry A. 
245 1 0 |a Management of bloodborne infections in sport /  |c Terry A. Zeigler. 
246 3 0 |a Bloodborne infections in sport. 
260 |a Champaign, IL :  |b Human Kinetics,  |c c1997. 
300 |a vi, 90 p. :  |b ill. ;  |c 28 cm. 
505 0 |a Ch. 1. Bloodborne Pathogens -- Ch. 2. OSHA's Bloodborne Pathogen Standard -- Ch. 3. Exposure Risks in the Athletic Setting -- Ch. 4. Preventing Exposure in the Athletic Setting -- Ch. 5. Procedures to Protect Athletic Personnel -- Ch. 6. Education for Athletic Personnel -- Ch. 7. Ethics and Legal Issues -- App. A. Definitions -- App. B. NCAA Guideline 2H: Bloodborne Pathogens and Intercollegiate Athletics -- App. C. NATA Bloodborne Pathogens Guidelines for Athletic Trainers -- App. D. OSHA Guidelines on Bloodborne Pathogens -- App. E. AMSSM and AASM Joint Position Statement: HIV and Other Bloodborne Pathogens in Sports -- App. F. CDC National AIDS Clearinghouse: Locating Information About HIV/AIDS and Sports. 
504 |a Includes bibliographical references. 
650 0 |a Bloodborne infections  |x Prevention. 
650 0 |a Sports medicine. 
650 0 |a Sports  |x Safety measures. 
852 8 |b CARM  |h A3:AG14D0  |i F08162  |p 0566490  |f BK 
999 f f |i d170c8d2-d7bd-5799-9ff5-e20b19b6758d  |s 0656c298-c199-5994-a14a-de90517127a7 
952 f f |p Can circulate  |a CAVAL  |b CAVAL  |c CAVAL  |d CARM 1 Store  |e F08162  |f A3:AG14D0  |h Other scheme  |i book  |m 0566490